00350nmm a2200109 a 4500003000900000005001700009008004100026040001300067100003200080245006400112260006400176AR-BaBNM20251128203123.0273119s1910 ||||||||||||||000 | spa|| cAR-BaBNM1 aQuesada, Ernestod1858-193410aLa enseñanza de la historia en las universidades alemanas aLa PlatabFacultad de Ciencias Jurídicas y Socialesc1910